Statistics for Kam Air-Kabul

Click here to take the quiz!

General Stats

  • This quiz has been taken 3 times
  • The average score is 13 of 19

Answer Stats

Country Airport % Correct
UzbekistanTashkent
100%
IndiaDelhi
100%
TurkeyIstanbul
100%
TurkeyAnkara
100%
TajikistanDushanbe
100%
Saudi ArabiaJeddah
100%
AfghanistanKandahar
100%
PakistanIslamabad
100%
IranMashhad
67%
AfghanistanTarinkot
67%
AfghanistanZaranj
67%
AfghanistanBost
67%
AfghanistanMazar-i-sharif
67%
AfghanistanHerat
67%
AfghanistanChagcharan
67%
AfghanistanMaimana
0%
AfghanistanFarah
0%
AfghanistanFaizabad
0%
AfghanistanBamiyan
0%

Score Distribution

Percentile by Number Answered

Percent of People with Each Score

Your Score History

You have not taken this quiz